Score 0/30 Timer 03:00
0 Plays Today
Hint Answer % Correct
Johnny Depp Elm
98.6%
Matt DamonPrivate
94.3%
Robert Downey Jr.Sherlock
93.8%
Johnny Depp Sleepy
91.4%
Matt DamonBourne
90.7%
Robert Downey Jr.Kiss
89.8%
Matt DamonOcean's
87.6%
Leonardo DiCaprioGilbert
85%
Michael DouglasBasic
84.6%
Leonardo DiCaprioGangs
84.3%
Cameron DiazCharlie's
83.3%
Robert Downey Jr.Killers
77.9%
Leonardo DiCaprioDjango
76.5%
Cameron DiazSunday
75.2%
Michael DouglasRomancing
72.5%
Hint Answer % Correct
Michael DouglasWall
71.2%
Leonardo DiCaprioDiamond
70.6%
Cameron DiazVanilla
70.3%
Robert Downey Jr.Iron
70.1%
Cameron DiazTeacher
70%
Robert Downey Jr.Tropic
69.9%
Leonardo DiCaprioShutter
68.3%
Cameron DiazKnight
64.2%
Matt DamonGrimm
60.4%
Johnny Depp Brasco
56.2%
Johnny Depp Wood
55.8%
Matt DamonGrit
48.7%
Johnny Depp Hell
43.7%
Michael DouglasFalling
28.4%
Michael DouglasWonder
21.6%

Today's Daily Dose

Remove Ads.
Support Sporcle.
Get the best of Sporcle when you Go Orange. This ad-free experience offers more features, more stats, and more fun while also helping to support Sporcle. Thank you for becoming a member.

You're not logged in!

Compare scores with friends on all Sporcle quizzes.
OR
Log In

Show Comments

Extras

Top Quizzes Today


Score Distribution

Your Account Isn't Verified!

In order to create a playlist on Sporcle, you need to verify the email address you used during registration. Go to your Sporcle Settings to finish the process.

Report this User

Report this user for behavior that violates our Community Guidelines.

Details: